Agriculture and fertilizers: fertilizers in perspective

Saved in:
Bibliographic Details
Main Author: Oluf Chr. Bockman
Format: Book
Language:Undetermined
Published: Norway Norsk Hydro a.s 1990
Subjects:
Tags: Add Tag
No Tags, Be the first to tag this record!
Institutions: Trung tâm Học liệu Trường Đại học Cần Thơ
LEADER 00568nam a2200181Ia 4500
001 CTU_38538
008 210402s9999 xx 000 0 und d
082 |a 631.8 
082 |b B665 
100 |a Oluf Chr. Bockman 
245 0 |a Agriculture and fertilizers: fertilizers in perspective 
245 0 |c Oluf Chr. Bockman, Ian Richards, Ola Kaarstad, Ole H Lie 
260 |a Norway 
260 |b Norsk Hydro a.s 
260 |c 1990 
650 |a fertilizers and manures,soil fertility 
904 |i Liên, 990423 
980 |a Trung tâm Học liệu Trường Đại học Cần Thơ